| 000 | 01156cam a22003257a 4500 | ||
|---|---|---|---|
| 003 | CHAP | ||
| 005 | 20220329140744.0 | ||
| 008 | 971013s1995 r 00010 d | ||
| 010 | _a57140 | ||
| 011 | _a58112 | ||
| 035 | _a62267 | ||
| 040 | _cCHAP | ||
| 090 | _aTesis | ||
| 100 | 0 | 0 |
_aGarcía Velasco, Rómulo. _946712 |
| 245 | 0 | _aEclosión de huevecillos de Diabrotica virgifera Zeae K. y S. (Coleoptera : Chrysomelidae) relacionada con la fecha de extracción | |
| 260 |
_aChapingo, Méx. : _bEl autor, _c1995 |
||
| 300 | _a54 h. | ||
| 502 | _aTesis (Ing. Agr. Esp. en Parasitología Agrícola) -- UACH. Departamento de Parasitología Agrícola | ||
| 590 |
_aALEPH _b10 _c20130110 _lUCH01 _h1335 |
||
| 590 |
_aBATCH-UPD _b10 _c20130110 _lUCH01 _h0601 |
||
| 590 |
_aBATCH-UPD _b10 _c20130410 _lUCH01 _h0243 |
||
| 590 |
_aBATCH-UPD _b10 _c20130914 _lUCH01 _h1200 |
||
| 590 |
_aCONVERSION _b10 _c20130109 _lUCH01 _h1331 |
||
| 650 | 1 | 4 |
_aDiabrotica virgifera. _932387 |
| 650 | 1 | 4 |
_aMaíz _xPlagas. _971034 |
| 901 | _aBK | ||
| 942 | _cFOLL | ||
| 949 |
_bBC _cTES _d-133478 _eTS1 _h28445 _i62267 _si |
||
| 949 |
_bBC _cTES _d33724000088381 _eTS2 _fc.2 _h28446 _i62267 _si |
||
| 999 |
_c57140 _d57140 |
||